| 000 | 00651nam a22001817a 4500 | ||
|---|---|---|---|
| 005 | 20260427132747.0 | ||
| 008 | 250711b |||||||| |||| 00| 0 eng d | ||
| 020 | _a978-1-80041-852-3 | ||
| 050 | _aP 41 .S 33 2023 | ||
| 100 | _aEDITED BY:SNFREE MAKONI | ||
| 245 | _aSHADES OF DECOLONIAL VOICES IN LINGUISTICS | ||
| 260 |
_aBRISTOL, _bMULTILINGUAL MATTERS, _c2023, |
||
| 300 | _aXVIII,249 P.:ILL | ||
| 500 | _aINCLUDES BIBLIOGRAPHICAL REFERENCES AND INDEX | ||
| 650 | _a1. LINGUISTICS 2. DECOLONIZATION 3. IMPERIALISM AND PHILOGY | ||
| 700 | _aEDITORS: CRISTINE SEVERO, ASHRAF ABDELHAY, ANNA KAIPER-MARQUEZ, VISNJA MILOJICIC | ||
| 942 |
_2lcc _cBK |
||
| 999 |
_c215885 _d215885 |
||